000 00582nam a2200193Ia 4500
005 20250423100033.0
008 250422s9999 xx 000 0 und d
020 _a0201315211
050 _aPE 1128 .P46/
100 _aPhillips, Deborah
245 0 _aLongman preparation course for the TOEFL test : skills and strategies, volume A
250 _a2nd ed.
260 _aWhite Plains
260 _bLongman
260 _cc1996
300 _a430 p
650 _aTest of English as a foreign language_Study guides. English language_Textbooks for foreign speakers.
942 _cBK
999 _c32093
_d32093